|
|
|
|
| LEADER |
00000nam0a2200000 4500 |
| 001 |
339476 |
| 005 |
20231102005140.0 |
| 035 |
|
|
|a (RuTPU)RU\TPU\book\365992
|
| 090 |
|
|
|a 339476
|
| 100 |
|
|
|a 20171221d1963 km y0rusy50 ca
|
| 101 |
0 |
|
|a rus
|
| 102 |
|
|
|a RU
|
| 105 |
|
|
|a a z 001zy
|
| 200 |
1 |
|
|a Эксплутационная разведка и некоторые вопросы рудничной геологии железнорудных месторождений Кривого Рога
|f С. М. Селектор
|
| 210 |
|
|
|a Москва
|c Госгеолтехиздат
|d 1963
|
| 215 |
|
|
|a 139 с.
|c ил.
|
| 320 |
|
|
|a Библиогр.: с. 138-139
|
| 606 |
1 |
|
|a Железорудные месторождения
|x Геология
|2 stltpush
|3 (RuTPU)RU\TPU\subj\10758
|9 37787
|
| 606 |
1 |
|
|a Железные руды
|x Добыча
|x Экономическая эффективность
|2 stltpush
|3 (RuTPU)RU\TPU\subj\10509
|9 37571
|
| 610 |
1 |
|
|a эксплуатационная разведка
|
| 610 |
1 |
|
|a рудничная геология
|
| 610 |
1 |
|
|a рудные залежи
|
| 610 |
1 |
|
|a оконтуривание
|
| 610 |
1 |
|
|a железистые кварциты
|
| 610 |
1 |
|
|a геофизические методы
|
| 675 |
|
|
|a 553.31
|v 4
|
| 675 |
|
|
|a 622.341.1
|v 4
|
| 700 |
|
1 |
|a Селектор
|b С. М.
|g Спартак Михайлович
|
| 801 |
|
1 |
|a RU
|b 63413507
|c 20171221
|
| 801 |
|
2 |
|a RU
|b 63413507
|c 20201105
|g RCR
|
| 942 |
|
|
|c BK
|